[Event "Katowice Silesia 100th Ann op"]
[Site "Katowice"]
[Date "2024.04.28"]
[Round "9"]
[White "Zwardon, Vojtech"]
[Black "Czerw, Dawid"]
[Result "1/2-1/2"]
[WhiteElo "2447"]
[BlackElo "2388"]
[PlyCount "112"]
[EventDate "2024.04.27"]
[EventType "swiss (rapid)"]
[EventRounds "11"]
[EventCountry "POL"]
[SourceTitle "CB19_2024"]
[SourceDate "2024.05.08"]
[SourceVersion "1"]
[SourceVersionDate "2024.05.08"]
[SourceQuality "1"]

1. c4 e6 2. Nf3 d5 3. e3 Nf6 4. b3 Be7 5. Bb2 0-0 6. Nc3 b6 7. cxd5 exd5 8. Rc1 Bb7 9. g3 d4 10. Nb5 dxe3 11. fxe3 a6 12. Nbd4 c5 13. Nf5 Nc6 14. a3 Re8 15. Nxe7+ Qxe7 16. Bg2 Rad8 17. 0-0 Ng4 18. Qc2 Nce5 19. Bxe5 Bxf3 20. Bxf3 Nxe5 21. Be4 g6 22. Rcd1 Rd6 23. b4 c4 24. Qc3 Red8 25. a4 f5 26. Bb1 Qg7 27. e4 fxe4 28. Bxe4 b5 29. axb5 axb5 30. Qe3 Nd3 31. Bxd3 Rxd3 32. Qe6+ Kh8 33. Rf7 Qd4+ 34. Kf1 Qd6 35. Qxd6 R3xd6 36. Re1 Kg8 37. Ree7 Rf8 38. Rxf8+ Kxf8 39. Re2 Rd3 40. Re5 Rxd2 41. Ke1 Rxh2 42. Rxb5 c3 43. Kd1 Rg2 44. Rg5 Kg7 45. b5 Kf6 46. Rc5 Rb2 47. Kc1 h5 48. Kd1 g5 49. Kc1 Kg6 50. Kd1 h4 51. gxh4 gxh4 52. Rxc3 Rxb5 53. Ke2 Rf5 54. Rf3 Kg5 55. Rxf5+ Kxf5 56. Kf3 Ke5 1/2-1/2

[Event "Katowice Silesia 100th Ann op"]
[Site "Katowice"]
[Date "2024.04.27"]
[Round "4"]
[White "Czerw, Dawid"]
[Black "Golubka, Petr"]
[Result "0-1"]
[WhiteElo "2388"]
[BlackElo "2398"]
[PlyCount "44"]
[EventDate "2024.04.27"]
[EventType "swiss (rapid)"]
[EventRounds "11"]
[EventCountry "POL"]
[SourceTitle "CB19_2024"]
[SourceDate "2024.05.08"]
[SourceVersion "1"]
[SourceVersionDate "2024.05.08"]
[SourceQuality "1"]

1. e4 e6 2. d4 d5 3. Nc3 Bb4 4. e5 b6 5. Qg4 Bf8 6. h4 h5 7. Qf3 c5 8. dxc5 bxc5 9. Bg5 Qb6 10. 0-0-0 Bd7 11. Nge2 Nc6 12. Ng3 Rb8 13. b3 c4 14. Nxh5 Nd4 15. Rxd4 Qxd4 16. Bxc4 Rxh5 17. Rd1 Ba3+ 18. Kb1 Qxc4 19. Ka1 Qc7 20. Kb1 Rxg5 21. hxg5 Qxe5 22. Qd3 Rc8 0-1

[Event "Katowice Silesia 100th Ann op"]
[Site "Katowice"]
[Date "2024.04.27"]
[Round "6"]
[White "Czerw, Dawid"]
[Black "Kotowicz, Kamil"]
[Result "1-0"]
[WhiteElo "2388"]
[BlackElo "1932"]
[PlyCount "127"]
[EventDate "2024.04.27"]
[EventType "swiss (rapid)"]
[EventRounds "11"]
[EventCountry "POL"]
[SourceTitle "CB19_2024"]
[SourceDate "2024.05.08"]
[SourceVersion "1"]
[SourceVersionDate "2024.05.08"]
[SourceQuality "1"]

1. e4 c6 2. Nc3 d5 3. Qf3 e6 4. d4 dxe4 5. Qxe4 Nf6 6. Qh4 Be7 7. Bg5 Nd5 8. Bxe7 Qxe7 9. Qg3 Rg8 10. 0-0-0 Nd7 11. Ne4 N7f6 12. Nd6+ Kd7 13. Nc4 Ne4 14. Qf3 Qg5+ 15. Kb1 Qf4 16. Nh3 Qxf3 17. Ne5+ Ke7 18. Nxf3 g5 19. Re1 g4 20. Rxe4 gxh3 21. gxh3 b6 22. Rg4 Bb7 23. Rhg1 Rg6 24. Ne5 Rf6 25. f3 Ne3 26. Rh4 Nxf1 27. Rxf1 h6 28. Rg4 Rd8 29. c3 c5 30. dxc5 bxc5 31. Kc2 Rf5 32. f4 Rd5 33. Rd1 Rxd1 34. Kxd1 h5 35. Rg7 Bd5 36. c4 Be4 37. Kd2 Bb1 38. Ke3 Bxa2 39. Rg8 Bb1 40. Ra8 f6 41. Rxa7+ Kf8 42. Nf3 e5 43. fxe5 fxe5 44. Ra1 Bc2 45. Rf1 e4 46. Nd2 Rxf1 47. Nxf1 Bd3 48. Nd2 Ke7 49. Nxe4 Bxc4 50. Nxc5 Kd6 51. Ne4+ Ke5 52. h4 Bb3 53. Ng3 Bf7 54. b4 Be8 55. h3 Kd5 56. Kf4 Kc4 57. Kg5 Kxb4 58. Nxh5 Kc5 59. Nf6 Ba4 60. h5 Kd6 61. h6 Bc2 62. h7 Bxh7 63. Nxh7 Ke7 64. Kg6 1-0

[Event "I'M Not A GM Gp-A"]
[Site "Chess.com INT"]
[Date "2023.10.12"]
[Round "2.1"]
[White "Arabidze, Meri"]
[Black "Czerw, Dawid"]
[Result "0-1"]
[WhiteElo "2456"]
[BlackElo "2400"]
[PlyCount "100"]
[EventDate "2023.10.12"]
[EventType "tourn (blitz)"]
[EventRounds "4"]
[EventCountry "USA"]
[EventCategory "8"]
[SourceTitle "Mega2024 Update 01"]
[Source "Chessbase"]
[SourceDate "2023.11.12"]
[SourceVersion "1"]
[SourceVersionDate "2023.11.12"]
[SourceQuality "1"]

1. d4 d5 2. c4 c6 3. Nf3 Nf6 4. g3 Bf5 5. Nc3 e6 6. Nh4 Bg4 7. h3 Bh5 8. g4 Bg6 9. g5 Ne4 10. Nxg6 hxg6 11. Nxe4 dxe4 12. Qb3 b6 13. Be3 f5 14. gxf6 gxf6 15. Rg1 Kf7 16. 0-0-0 Nd7 17. Bg2 f5 18. f3 exf3 19. Bxf3 Rc8 20. Kb1 Nf6 21. d5 cxd5 22. cxd5 e5 23. d6+ Kg7 24. Qe6 f4 25. Bc1 Qe8 26. Bg4 Qxe6 27. Bxe6 Rd8 28. Bf5 Rh6 29. e3 Rxd6 30. exf4 Rxd1 31. Rxd1 gxf5 32. fxe5 Rxh3 33. exf6+ Kxf6 34. Rd7 a5 35. a4 Bc5 36. Kc2 Ke5 37. Bd2 f4 38. Rf7 f3 39. Kd3 f2+ 40. Ke2 Rh1 41. Bc3+ Kd5 42. b3 Rc1 43. Bd2 Rb1 44. Rf3 Rb2 45. Kd1 Ke4 46. Rf4+ Ke5 47. Rf3 Rb1+ 48. Ke2 Rh1 49. Bc3+ Ke4 50. Bd2 Re1+ 0-1

[Event "I'M Not A GM Gp-A"]
[Site "Chess.com INT"]
[Date "2023.10.12"]
[Round "2.4"]
[White "Czerw, Dawid"]
[Black "Arabidze, Meri"]
[Result "1-0"]
[WhiteElo "2400"]
[BlackElo "2456"]
[PlyCount "175"]
[EventDate "2023.10.12"]
[EventType "tourn (blitz)"]
[EventRounds "4"]
[EventCountry "USA"]
[EventCategory "8"]
[SourceTitle "Mega2024 Update 01"]
[Source "Chessbase"]
[SourceDate "2023.11.12"]
[SourceVersion "1"]
[SourceVersionDate "2023.11.12"]
[SourceQuality "1"]

1. e4 e5 2. Nf3 Nc6 3. Bb5 a6 4. Ba4 Nf6 5. d4 exd4 6. 0-0 Be7 7. e5 Ne4 8. Nxd4 Nc5 9. Nf5 0-0 10. Qg4 g6 11. Bxc6 dxc6 12. Nxe7+ Qxe7 13. Qg3 Re8 14. Re1 Bf5 15. Nc3 f6 16. Bf4 Nd7 17. e6 Bxe6 18. Bxc7 Qg7 19. Ne4 Bd5 20. Nc3 Ne5 21. Bxe5 fxe5 22. Ne4 Rad8 23. b3 Bxe4 24. Rxe4 Rd4 25. Rae1 Rxe4 26. Rxe4 Qd7 27. Qd3 Qxd3 28. cxd3 Rd8 29. Rxe5 Rxd3 30. g3 Rd2 31. Re7 b5 32. a4 bxa4 33. bxa4 Ra2 34. Rc7 Rxa4 35. Rxc6 Kg7 36. Rc7+ Kh6 37. h4 a5 38. Kg2 Rb4 39. f4 Kh5 40. Rc5+ Kh6 41. Rxa5 Kg7 42. Kf3 Rb3+ 43. Kg4 h5+ 44. Kh3 Rc3 45. f5 gxf5 46. Rxf5 Kh6 47. Kg2 Rd3 48. Rf3 Rd2+ 49. Rf2 Rd3 50. Re2 Rc3 51. Kf2 Rb3 52. Re3 Rb2+ 53. Kf3 Rb1 54. Rd3 Rg1 55. Kf4 Rg2 56. Rd6+ Kg7 57. Ra6 Rg1 58. Ra3 Kg6 59. Ra6+ Kg7 60. Kg5 Rxg3+ 61. Kxh5 Rg1 62. Ra7+ Kg8 63. Kh6 Rh1 64. h5 Rg1 65. Ra8+ Kf7 66. Kh7 Rg2 67. h6 Rg1 68. Ra7+ Kf8 69. Rg7 Rh1 70. Rg6 Kf7 71. Rg2 Kf8 72. Rf2+ Ke7 73. Kg7 Rg1+ 74. Kh8 Rg3 75. h7 Rg1 76. Rf3 Rg2 77. Ra3 Kf7 78. Ra7+ Kf8 79. Ra8+ Kf7 80. Rg8 Rh2 81. Rg3 Rh1 82. Rg4 Rh2 83. Rf4+ Ke7 84. Kg7 Rg2+ 85. Kh6 Rh2+ 86. Kg6 Rg2+ 87. Kh5 Rh2+ 88. Rh4 1-0

[Event "POL-chT 1st League"]
[Site "Leba"]
[Date "2023.09.23"]
[Round "1.7"]
[White "Golenia, Jan"]
[Black "Czerw, Dawid"]
[Result "1/2-1/2"]
[WhiteElo "2180"]
[BlackElo "2400"]
[PlyCount "68"]
[EventDate "2023.09.23"]
[EventType "team-swiss"]
[EventRounds "9"]
[EventCountry "POL"]
[SourceTitle "EXT 2024"]
[Source "ChessBase"]
[SourceDate "2023.10.10"]
[SourceVersion "1"]
[SourceVersionDate "2023.10.10"]
[SourceQuality "1"]
[WhiteTeam "Wieliczka MKS MOS"]
[BlackTeam "Jastrzebie Zdroj Pionier"]
[WhiteTeamCountry "POL"]
[BlackTeamCountry "POL"]

1. d4 d5 2. c4 e6 3. Nf3 Nf6 4. g3 dxc4 5. Bg2 a6 6. 0-0 Nc6 7. Bg5 Be7 8. Nc3 Nd5 9. h4 h6 10. Bxe7 Ncxe7 11. Ne5 b5 12. Ne4 f6 13. Nf3 0-0 14. Nc5 c6 15. b3 Nb6 16. Qc2 Ned5 17. Rfd1 Qe7 18. e4 Nc7 19. Nd2 Rd8 20. bxc4 Rxd4 21. cxb5 axb5 22. e5 Ncd5 23. Ncb3 Rda4 24. exf6 Qxf6 25. Qxc6 Bd7 26. Qd6 Qf8 27. Qxf8+ Kxf8 28. Nc5 Rxa2 29. Nxd7+ Nxd7 30. Rxa2 Rxa2 31. Nb3 N7f6 32. Nd4 Nc7 33. Rb1 Ke7 34. Bf3 Rd2 1/2-1/2

[Event "Titled Tuesday intern op 19th Sep Early"]
[Site "Chess.com INT"]
[Date "2023.09.19"]
[Round "2"]
[White "Czerw, Dawid"]
[Black "Rozman, Levy"]
[Result "1/2-1/2"]
[WhiteElo "2400"]
[BlackElo "2322"]
[PlyCount "112"]
[EventDate "2023.09.19"]
[EventType "swiss (blitz)"]
[EventRounds "11"]
[EventCountry "USA"]
[SourceTitle "EXT 2024"]
[Source "ChessBase"]
[SourceDate "2023.10.10"]
[SourceVersion "1"]
[SourceVersionDate "2023.10.10"]
[SourceQuality "1"]

1. e4 c6 2. Nc3 d5 3. Qf3 e6 4. d4 Nf6 5. e5 Nfd7 6. Nh3 Be7 7. Qg3 g6 8. Bg5 h6 9. Bxe7 Qxe7 10. 0-0-0 a6 11. Nf4 b5 12. Bd3 Nf8 13. h4 Bb7 14. h5 g5 15. Nfe2 c5 16. dxc5 Qxc5 17. f4 Rg8 18. f5 Nbd7 19. fxe6 fxe6 20. Rhf1 Rg7 21. Nd4 0-0-0 22. Be2 Re8 23. Bg4 Qc7 24. Rde1 Kb8 25. Kb1 Rge7 26. a3 Rc8 27. Na2 Nc5 28. Nc3 Ka8 29. Rf6 Rh7 30. Ref1 Nfd7 31. Rf7 Rxf7 32. Rxf7 Qxe5 33. Qf2 Nb6 34. Re7 Qd6 35. Rh7 e5 36. Bxc8 Bxc8 37. Nf5 Qf8 38. g4 d4 39. Ne2 Bb7 40. Neg3 d3 41. cxd3 Nxd3 42. Qc2 Qd8 43. Rxh6 Nc4 44. Rg6 Ndxb2 45. h6 Nxa3+ 46. Kxb2 Nxc2 47. Kxc2 Qc7+ 48. Kd2 Bf3 49. Rg7 Qa5+ 50. Ke3 Qc3+ 51. Kf2 e4 52. h7 Qd2+ 53. Kf1 Qd1+ 54. Kf2 Qd2+ 55. Kf1 Qd1+ 56. Kf2 Qd2+ 1/2-1/2

[Event "Titled Tuesday intern op 19th Sep Early"]
[Site "Chess.com INT"]
[Date "2023.09.19"]
[Round "3"]
[White "Rustemov, Alexander"]
[Black "Czerw, Dawid"]
[Result "1/2-1/2"]
[WhiteElo "2525"]
[BlackElo "2400"]
[PlyCount "81"]
[EventDate "2023.09.19"]
[EventType "swiss (blitz)"]
[EventRounds "11"]
[EventCountry "USA"]
[SourceTitle "EXT 2024"]
[Source "ChessBase"]
[SourceDate "2023.10.10"]
[SourceVersion "1"]
[SourceVersionDate "2023.10.10"]
[SourceQuality "1"]

1. d4 d5 2. c4 c6 3. Nc3 Nf6 4. e3 a6 5. Qc2 b5 6. b3 Bg4 7. Bd3 Bh5 8. Nge2 e6 9. 0-0 Bg6 10. Bb2 Nbd7 11. Rac1 Bd6 12. h3 0-0 13. Rfd1 b4 14. Na4 Ne4 15. f3 Qg5 16. Nf4 Ng3 17. Qd2 Bf5 18. Bxf5 Nxf5 19. Nd3 Qxe3+ 20. Qxe3 Nxe3 21. Re1 Nf5 22. g4 Nh4 23. Kf2 Ng6 24. cxd5 cxd5 25. Rc6 Bb8 26. Rec1 Nf4 27. Nxf4 Bxf4 28. R1c2 Rfb8 29. Bc1 Bxc1 30. Rxc1 Kf8 31. Rc7 Ke8 32. Ke3 Kd8 33. R1c6 Rc8 34. Rxc8+ Rxc8 35. Rxa6 Rc2 36. Ra8+ Ke7 37. Ra7 Kd6 38. Ra6+ Ke7 39. Ra7 Kd6 40. Ra6+ Ke7 41. Ra7 1/2-1/2

[Event "Titled Tuesday intern op 05th Sep Late"]
[Site "Chess.com INT"]
[Date "2023.09.05"]
[Round "8"]
[White "Czerw, Dawid"]
[Black "Aradhya, Garg"]
[Result "0-1"]
[WhiteElo "2400"]
[BlackElo "2344"]
[PlyCount "78"]
[EventDate "2023.09.05"]
[EventType "swiss (blitz)"]
[EventRounds "11"]
[EventCountry "USA"]
[SourceTitle "EXT 2024"]
[Source "ChessBase"]
[SourceDate "2023.10.10"]
[SourceVersion "1"]
[SourceVersionDate "2023.10.10"]
[SourceQuality "1"]

1. e4 e5 2. Nf3 Nc6 3. Bb5 a6 4. Ba4 Nf6 5. d4 exd4 6. 0-0 Be7 7. e5 Ne4 8. Nxd4 0-0 9. Nf5 d5 10. exd6 Bxf5 11. dxe7 Qxe7 12. Bxc6 bxc6 13. Qf3 Bg6 14. Nc3 Rfe8 15. Bf4 Qf6 16. Nxe4 Rxe4 17. Bxc7 Qxf3 18. gxf3 Re2 19. Rfe1 Rxc2 20. Be5 f6 21. Bc3 Kf7 22. Rad1 Ra7 23. Rd6 Rc7 24. Kf1 Bf5 25. Ra1 Bh3+ 26. Kg1 Be6 27. a3 Bd5 28. Kg2 Re7 29. Rd8 Re3 30. Bd4 Bxf3+ 31. Kg3 Rb3 32. Be3 Bd5 33. Rd1 g5 34. Rd7+ Kg6 35. Ra7 h5 36. Rxa6 h4+ 37. Kh3 Kh5 38. Rd4 Rxe3+ 39. fxe3 Bg2# 0-1

[Event "Titled Tuesday intern op 05th Sep Late"]
[Site "Chess.com INT"]
[Date "2023.09.05"]
[Round "1"]
[White "Czerw, Dawid"]
[Black "Matlakov, Maxim"]
[Result "0-1"]
[WhiteElo "2400"]
[BlackElo "2674"]
[PlyCount "76"]
[EventDate "2023.09.05"]
[EventType "swiss (blitz)"]
[EventRounds "11"]
[EventCountry "USA"]
[SourceTitle "EXT 2024"]
[Source "ChessBase"]
[SourceDate "2023.10.10"]
[SourceVersion "1"]
[SourceVersionDate "2023.10.10"]
[SourceQuality "1"]

1. e4 c5 2. Nf3 e6 3. d4 cxd4 4. Nxd4 Nc6 5. Nc3 Qc7 6. Be3 a6 7. Qd2 Nf6 8. 0-0-0 Be7 9. f4 d6 10. Be2 h5 11. Rhe1 Bd7 12. Kb1 Rc8 13. g3 0-0 14. g4 hxg4 15. h3 gxh3 16. Rh1 Nxd4 17. Bxd4 e5 18. Be3 exf4 19. Bxf4 b5 20. Rdg1 b4 21. Nd5 Nxd5 22. exd5 Bf6 23. Bd3 Rfe8 24. Qh2 Qc5 25. Qg3 Qd4 26. Bc1 a5 27. Rf1 Be5 28. Qf3 Re7 29. Qh5 g6 30. Qh6 a4 31. Rhg1 Bg7 32. Qg5 Rce8 33. Rf4 Qe5 34. Qh4 a3 35. Rg5 Qe1 36. Qxe1 Rxe1 37. Rf1 axb2 38. Rxe1 Rxe1 0-1

[Event "Titled Tuesday intern op 05th Sep Early"]
[Site "Chess.com INT"]
[Date "2023.09.05"]
[Round "1"]
[White "Czerw, Dawid"]
[Black "Sargsyan, Shant"]
[Result "1/2-1/2"]
[WhiteElo "2400"]
[BlackElo "2631"]
[PlyCount "144"]
[EventDate "2023.09.05"]
[EventType "swiss (blitz)"]
[EventRounds "11"]
[EventCountry "USA"]
[SourceTitle "EXT 2024"]
[Source "ChessBase"]
[SourceDate "2023.10.10"]
[SourceVersion "1"]
[SourceVersionDate "2023.10.10"]
[SourceQuality "1"]

1. e4 g6 2. d4 Nf6 3. Nc3 d5 4. Bd3 dxe4 5. Nxe4 Bg7 6. c3 0-0 7. Nf3 Nbd7 8. 0-0 Nxe4 9. Bxe4 c5 10. Be3 Nf6 11. Bc2 Nd5 12. dxc5 Nxe3 13. Qxd8 Rxd8 14. fxe3 Bg4 15. Rad1 Rdc8 16. Bb3 Bf6 17. Bxf7+ Kg7 18. Bd5 Rxc5 19. h3 Bc8 20. e4 Kh6 21. e5 Bg7 22. g4 g5 23. Kg2 a5 24. Kg3 Ra6 25. Rh1 Kg6 26. Be4+ Kf7 27. Nxg5+ Ke8 28. Nf3 h6 29. Kf4 Rb6 30. Rh2 Bd7 31. Rhd2 Rc7 32. Bf5 e6 33. Bg6+ Ke7 34. Be4 Rb5 35. b3 Be8 36. c4 Rbc5 37. h4 b5 38. Bd3 b4 39. Be4 a4 40. Rd6 Ra5 41. g5 axb3 42. axb3 Ra3 43. R1d3 Ra1 44. gxh6 Bxh6+ 45. Ng5 Rf1+ 46. Kg4 Rg1+ 47. Rg3 Re1 48. Rxe6+ Kd8 49. Rd6+ Bd7+ 50. e6 Bxg5 51. Kxg5 Rxe4 52. Rgd3 Re5+ 53. Kf4 Rh5 54. Rxd7+ Rxd7 55. Rxd7+ Ke8 56. Rd5 Rxh4+ 57. Ke5 Rh3 58. Rb5 Rxb3 59. Kd6 Rd3+ 60. Kc6 b3 61. c5 Ke7 62. Kc7 Kxe6 63. c6 Rc3 64. Kb7 Kd6 65. Rb6 Kd5 66. c7 Rxc7+ 67. Kxc7 Kc4 68. Kd6 Kc3 69. Kd5 b2 70. Kc5 Kc2 71. Kc4 b1Q 72. Rxb1 Kxb1 1/2-1/2

[Event "Titled Tuesday intern op 05th Sep Early"]
[Site "Chess.com INT"]
[Date "2023.09.05"]
[Round "7"]
[White "Ziatdinov, Raset"]
[Black "Czerw, Dawid"]
[Result "1/2-1/2"]
[WhiteElo "2081"]
[BlackElo "2400"]
[PlyCount "138"]
[EventDate "2023.09.05"]
[EventType "swiss (blitz)"]
[EventRounds "11"]
[EventCountry "USA"]
[SourceTitle "EXT 2024"]
[Source "ChessBase"]
[SourceDate "2023.10.10"]
[SourceVersion "1"]
[SourceVersionDate "2023.10.10"]
[SourceQuality "1"]

1. e4 c5 2. Nf3 Nc6 3. d4 cxd4 4. Nxd4 Nf6 5. Nc3 e5 6. Ndb5 d6 7. Bg5 a6 8. Na3 b5 9. Nd5 Be7 10. Bxf6 Bxf6 11. c3 0-0 12. Bd3 Be6 13. Nc2 Bxd5 14. exd5 Ne7 15. Qf3 Bg5 16. h4 Bh6 17. g4 g6 18. h5 Bg5 19. hxg6 fxg6 20. Qh3 Rf7 21. Nb4 Qb6 22. Rh2 Raf8 23. Nc6 Nxc6 24. Bxg6 h6 25. Bxf7+ Rxf7 26. dxc6 Qxc6 27. Qd3 d5 28. Rd1 d4 29. cxd4 e4 30. Qb3 Qd7 31. Rg2 Kg7 32. d5 Rf3 33. Qc2 e3 34. fxe3 Qf7 35. Qc3+ Kg8 36. Rd3 Rh3 37. Qc8+ Kg7 38. Qf5 Qc7 39. Rc3 Rxe3+ 40. Rxe3 Qc1+ 41. Ke2 Qxe3+ 42. Kf1 Qc1+ 43. Kf2 Qxb2+ 44. Kg3 Qc3+ 45. Kh2 Qd4 46. Qe6 Bf4+ 47. Kh1 Qd1+ 48. Rg1 Qf3+ 49. Rg2 Qh3+ 50. Kg1 Be3+ 51. Kf1 Qf3+ 52. Ke1 Qxg2 53. Qxe3 Qxd5 54. Qc3+ Kg6 55. Qc2+ Kg5 56. Qc1+ Kxg4 57. Qxh6 Qe4+ 58. Kd2 Qg2+ 59. Kd3 Qxa2 60. Qg6+ Kf4 61. Qf6+ Kg3 62. Qg5+ Kf3 63. Qf5+ Kg2 64. Qg4+ Kf1 65. Qf3+ Qf2 66. Qh1+ Qg1 67. Qf3+ Qf2 68. Qh1+ Qg1 69. Qf3+ Qf2 1/2-1/2

[Event "Titled Tuesday intern op 29th Aug Late"]
[Site "Chess.com INT"]
[Date "2023.08.29"]
[Round "7"]
[White "Czerw, Dawid"]
[Black "Barp, Alberto"]
[Result "1-0"]
[WhiteElo "2400"]
[BlackElo "2436"]
[PlyCount "55"]
[EventDate "2023.08.29"]
[EventType "swiss (blitz)"]
[EventRounds "11"]
[EventCountry "USA"]
[SourceTitle "EXT 2024"]
[Source "ChessBase"]
[SourceDate "2023.10.10"]
[SourceVersion "1"]
[SourceVersionDate "2023.10.10"]
[SourceQuality "1"]

1. d4 d6 2. e4 Nf6 3. Nc3 Nbd7 4. Nf3 e5 5. g4 h6 6. Rg1 c6 7. h4 h5 8. g5 Ng4 9. d5 Nc5 10. Nd2 cxd5 11. Nxd5 Be6 12. Bc4 Rc8 13. Qe2 a6 14. a4 Qa5 15. c3 b5 16. b4 Qd8 17. axb5 axb5 18. Bxb5+ Nd7 19. Bxd7+ Bxd7 20. f3 Be7 21. fxg4 Bxg4 22. Qf2 0-0 23. Ra7 Re8 24. Rb7 Be6 25. Nf6+ Bxf6 26. gxf6 g6 27. Rxg6+ fxg6 28. f7+ 1-0

[Event "Titled Tuesday intern op 29th Aug Early"]
[Site "Chess.com INT"]
[Date "2023.08.29"]
[Round "5"]
[White "Czerw, Dawid"]
[Black "Harshavardhan, GB."]
[Result "1/2-1/2"]
[WhiteElo "2400"]
[BlackElo "2413"]
[PlyCount "125"]
[EventDate "2023.08.29"]
[EventType "swiss (blitz)"]
[EventRounds "11"]
[EventCountry "USA"]
[SourceTitle "EXT 2024"]
[Source "ChessBase"]
[SourceDate "2023.10.10"]
[SourceVersion "1"]
[SourceVersionDate "2023.10.10"]
[SourceQuality "1"]

1. e4 c5 2. Nf3 d6 3. d4 cxd4 4. Nxd4 Nf6 5. Nc3 Nc6 6. f3 e5 7. Nb3 Be7 8. Be3 0-0 9. Qd2 a5 10. Bb5 Be6 11. 0-0-0 Na7 12. a4 Nxb5 13. Nxb5 d5 14. Bc5 b6 15. Bxe7 Qxe7 16. exd5 Bxd5 17. Kb1 Bxb3 18. cxb3 e4 19. Rhe1 Rad8 20. Qe3 Rxd1+ 21. Rxd1 Re8 22. fxe4 Qxe4+ 23. Qxe4 Nxe4 24. Rd7 h5 25. Rb7 Re6 26. Nc7 Rd6 27. Na8 Rd2 28. Nxb6 Rxg2 29. b4 axb4 30. Nc4 Rxh2 31. a5 Nc5 32. Rxb4 Rh1+ 33. Ka2 Rc1 34. Ne5 f6 35. Nf3 g5 36. Rb8+ Kg7 37. b4 Ne4 38. a6 Rc2+ 39. Kb1 Rc3 40. a7 Ra3 41. a8Q Rxa8 42. Rxa8 g4 43. Nh4 Kh6 44. Kc2 Kg5 45. Ng2 h4 46. Rg8+ Kf5 47. Nxh4+ Kf4 48. Kd3 g3 49. Ng2+ Kf3 50. Ne1+ Kf4 51. b5 f5 52. b6 Nc5+ 53. Kc4 Nb7 54. Kb5 Ke3 55. Rg4 fxg4 56. Ng2+ Kf2 57. Nh4 g2 58. Nxg2 Kxg2 59. Kc6 Na5+ 60. Kb5 Nb7 61. Kc6 Nd8+ 62. Kd7 Nb7 63. Kc6 1/2-1/2

[Event "Titled Tuesday intern op 29th Aug Early"]
[Site "Chess.com INT"]
[Date "2023.08.29"]
[Round "10"]
[White "Czerw, Dawid"]
[Black "Topalov, Aleksandar"]
[Result "0-1"]
[WhiteElo "2400"]
[BlackElo "2233"]
[PlyCount "154"]
[EventDate "2023.08.29"]
[EventType "swiss (blitz)"]
[EventRounds "11"]
[EventCountry "USA"]
[SourceTitle "EXT 2024"]
[Source "ChessBase"]
[SourceDate "2023.10.10"]
[SourceVersion "1"]
[SourceVersionDate "2023.10.10"]
[SourceQuality "1"]

1. e4 e6 2. d4 d5 3. Nc3 Bb4 4. e5 Qd7 5. Qg4 Bf8 6. Nf3 b6 7. a4 Ba6 8. Bb5 c6 9. Bxa6 Nxa6 10. 0-0 Nb4 11. Ne1 a6 12. Ne2 c5 13. c3 Nc6 14. f4 h5 15. Qh3 g6 16. g4 Bg7 17. gxh5 Rxh5 18. Qg2 Nge7 19. Nf3 Nf5 20. Ng3 Nh4 21. Nxh4 Rxh4 22. Be3 cxd4 23. Bxd4 Nxd4 24. cxd4 0-0-0 25. a5 b5 26. Rac1+ Kb7 27. Rc5 Bf8 28. Rc2 Rc8 29. Rfc1 Rxc2 30. Qxc2 Bb4 31. Ne2 Bxa5 32. Qc5 Rh8 33. Ng3 Bb6 34. Qb4 Rh4 35. Ne2 Rh8 36. Kg2 Qd8 37. Qc3 Qd7 38. Qb3 Qe7 39. Qc3 Qe8 40. b3 Qd7 41. Ng3 Rh4 42. Ne2 Rh8 43. Rc2 Rc8 44. Qxc8+ Qxc8 45. Rxc8 Kxc8 46. Kf3 a5 47. Ke3 Kb7 48. Kd3 Ka6 49. Kc3 Bd8 50. Nc1 Bh4 51. Nd3 Be7 52. Kc2 a4 53. Kb2 Ka5 54. Kc2 Bb4 55. Kb2 a3+ 56. Ka2 Bc3 57. Kb1 Bxd4 58. Ka2 Ka6 59. Kxa3 Kb6 60. Kb4 Be3 61. Kc3 Kc6 62. Nb4+ Kb6 63. Nd3 Kc6 64. Ne1 Bxf4 65. Nd3 Bxh2 66. Nb4+ Kc5 67. Nd3+ Kb6 68. b4 Bg3 69. Kd4 g5 70. Ke3 Bf4+ 71. Kf3 Bd2 72. Kg4 Kc6 73. Kh5 Kd7 74. Kh6 Ke7 75. Nc5 g4+ 76. Kh5 g3 77. Nd3 g2 0-1

[Event "Titled Tuesday intern op 29th Aug Late"]
[Site "Chess.com INT"]
[Date "2023.08.29"]
[Round "1"]
[White "Durarbayli, Vasif"]
[Black "Czerw, Dawid"]
[Result "1-0"]
[WhiteElo "2631"]
[BlackElo "2400"]
[PlyCount "131"]
[EventDate "2023.08.29"]
[EventType "swiss (blitz)"]
[EventRounds "11"]
[EventCountry "USA"]
[SourceTitle "EXT 2024"]
[Source "ChessBase"]
[SourceDate "2023.10.10"]
[SourceVersion "1"]
[SourceVersionDate "2023.10.10"]
[SourceQuality "1"]

1. e4 c5 2. Nf3 Nc6 3. Bb5 e6 4. Bxc6 bxc6 5. e5 f6 6. 0-0 fxe5 7. Nxe5 Nf6 8. d3 Bd6 9. Qe2 0-0 10. b3 Bc7 11. Bb2 d6 12. Nc4 e5 13. Nbd2 Nd5 14. f3 Nf4 15. Qf2 Rf6 16. Kh1 Rg6 17. Ne3 Bd7 18. g3 Nd5 19. Ng2 Qe7 20. Ne4 Rf8 21. Nh4 Rh6 22. Bc1 Rh5 23. Bd2 g5 24. Ng2 g4 25. f4 exf4 26. Nxf4 Nxf4 27. Bxf4 d5 28. Qxc5 Qe8 29. Bxc7 Rxf1+ 30. Rxf1 dxe4 31. Qe3 exd3 32. Qxe8+ Bxe8 33. cxd3 Rd5 34. Rd1 c5 35. Bb8 a6 36. Ba7 Bg6 37. d4 Be4+ 38. Kg1 cxd4 39. Bxd4 Kf7 40. Kf2 Bf3 41. Rd2 Ke6 42. Ke3 Kd7 43. Rc2 Rd6 44. h4 Re6+ 45. Kf2 Re4 46. Be3 Re5 47. Rc4 Rd5 48. Bd4 Rd6 49. a4 Re6 50. Be3 Rd6 51. b4 Rd1 52. Bf4 Rh1 53. Rc7+ Ke6 54. Rxh7 Rh2+ 55. Ke3 Rb2 56. Rh6+ Kd5 57. Rd6+ Kc4 58. Rd4+ Kc3 59. Be5 Rb3 60. Kf4 Kc2 61. h5 Rb1 62. h6 Rh1 63. Bg7 Kc3 64. Rd1+ Kxb4 65. Rxh1 Bxh1 66. h7 1-0